KOHA-Header-6

An Introduction to Theories of Personality (Record no. 13875)

000 -LEADER
fixed length control field 00320nam a22001337a 4500
020 ## - INTERNATIONAL STANDARD BOOK NUMBER
ISBN 978-1841697468
082 ## - DEWEY DECIMAL CLASSIFICATION NUMBER
Classification number 155.2
100 ## - MAIN ENTRY--AUTHOR NAME
Personal name Robert B. Ewen
245 ## - TITLE STATEMENT
Title An Introduction to Theories of Personality
250 ## - EDITION STATEMENT
Edition statement 7th Edition
260 ## - PUBLICATION, DISTRIBUTION, ETC. (IMPRINT)
Place of publication New York
Name of publisher Psychology Press
Year of publication 2010
300 ## - PHYSICAL DESCRIPTION
Number of Pages 470 pages
942 ## - ADDED ENTRY ELEMENTS (KOHA)
Koha item type Books
Holdings
Withdrawn status Lost status Collection code Permanent Location Current Location Shelving location Date acquired Full call number Accession Number Koha item type
    Psychology MAJU MAJU Shelf No.B35 2024-01-02 155.2 10967 Books

Powered by Koha